Normal view
MARC view
- Jackson, Michael J
Entry Personal Name
001 - CONTROL NUMBER
- control field: 37155
003 - CONTROL NUMBER IDENTIFIER
- control field: NUST
005 - DATE AND TIME OF LATEST TRANSACTION
- control field: 20210314130213.0
008 - FIXED-LENGTH DATA ELEMENTS
- fixed length control field: 210314|| aca||aabn | a|a d
040 ## - CATALOGING SOURCE
- Original cataloging agency: NUST
- Transcribing agency: NUST
100 ## - HEADING--PERSONAL NAME
- Personal name: Jackson, Michael J
670 ## - SOURCE DATA FOUND
- Source citation: Work cat.: (NUST): Jackson, Michael J., Computers in construction planning and control /, 1986.
